Revitalização de rios no mundo (Record no. 190059)

MARC details
000 -LÍDER
campo de controle de tamanho fixo 00406 a2200169 4500
001 - NÚMERO DE CONTROLE
campo de controle 190059
020 ## - ISBN - INTERNATIONAL STANDARD BOOK NUMBER
ISBN - International Standard Book Number 978-85-98659-08-4
040 ## - FONTE DA CATALOGAÇÃO
Instituição que transcreveu o registro Magnum
100 ## - ENTRADA PRINCIPAL--NOME PESSOAL
Nome pessoal Lisboa, Apolo Heringer
240 10 - TÍTULO UNIFORME
Título uniforme Revitalização de rios no mundo
Idioma da obra por
245 10 - TÍTULO
Título Revitalização de rios no mundo
300 ## - DESCRIÇÃO FÍSICA
Extensão 343
362 0# - DATAS DE PUBLICAÇÃO E/OU DESIGNAÇÃO SEQUENCIAL
Datas de publicação e/ou designação sequencial 2010
440 #1 - DECLARAÇÃO DE SÉRIE/ENTRADA ADICIONADA--TÍTULO
Título Instituto Guaicuy
697 ## - ENTRADA DE ASSUNTO LOCAL--ENTIDADE COLETIVA (RLIN)
Nome corporativo ou nome da jurisdição CIÊNCIAS AMBIENTAIS
942 ## - ELEMENTOS DE ENTRADA ADICIONADOS (KOHA)
Tipo de material Koha Livros
Holdings
Situação do descarte Situação das perdas Situação física Não pode ser emprestado Biblioteca de origem Biblioteca atual Data de aquisição Total de empréstimos Número de chamada completo Código de barras Data de último acesso Data do preço efetivo Tipo de material Koha
        Magnum Magnum 08/06/2024   1.243 MAG00066064 08/06/2024 08/06/2024 Livros